000 00342nam a2200145Ia 4500
008 210716s1963 xx 000 0 und d
020 _a0393001466
041 _aeng
082 _a374.22 FRES
100 _aFreud, Sigmund.
245 _aAutobiographical study.
260 _aNew York
_c1963
300 _a141
650 _aGeneral Knowledge
999 _c201055
_d201055